The quality university education as a prerequisite for development of human capital in business
Guardado en:
| Autor principal: | |
|---|---|
| Otros Autores: | |
| Formato: | Capítulo de libro |
| Lenguaje: | inglés |
| Materias: | |
| Etiquetas: |
Sin Etiquetas, Sea el primero en etiquetar este registro!
|
MARC
| LEADER | 00000naa$a2200000$$$4500 | ||
|---|---|---|---|
| 001 | 0231219 | ||
| 005 | 20240527074349.7 | ||
| 041 | 0 | |a eng | |
| 044 | |a SK | ||
| 245 | 1 | 0 | |a The quality university education as a prerequisite for development of human capital in business |c Elena Šúbertová, Darina Halašová |
| 500 | |a Abstrakt | ||
| 610 | 2 | 0 | |a vzdelávanie vysokoškolské |
| 610 | 2 | 0 | |a zdroje ľudské |
| 610 | 2 | 0 | |a podnikanie |
| 610 | 2 | 0 | |a technológie nové |
| 100 | 1 | |a Šúbertová, Elena | |
| 700 | 1 | |a Halašová, Darina, 1954- | |